Every Song by Sacred Reich - Statistics

General Stats
  • This quiz has been taken 3 times
  • The average score is 11 of 49
Answer Stats
Album Song % Correct
Awakening(2019) Awakening
100%
Ignorance(1987) Death Squad
100%
Heal(1996) Heal
100%
Ignorance(1987) Ignorance
100%
Independent(1993) Independent
100%
Surf Nicaragua(1988) Surf Nicaragua
100%
The American Way(1990) The American Way
100%
The American Way(1990) Crimes Against Humanity
67%
The American Way(1990) Who's to Blame
67%
The American Way(1990) 31 Flavors
33%
Independent(1993) I Never Said Goodbye
33%
The American Way(1990) Love... Hate
33%
Surf Nicaragua(1988) One Nation
33%
Ignorance(1987) Sacred Reich
33%
Awakening(2019) Salvation
33%
The American Way(1990) State of Emergency
33%
The American Way(1990) The Way It Is
33%
Ignorance(1987) Victim of Demise
33%
Ignorance(1987) Administrative Decisions
0%
Heal(1996) Ask Ed
0%
Heal(1996) Blue Suit, Brown Shirt
0%
Heal(1996) Break Through
0%
Independent(1993) Crawling
0%
Awakening(2019) Death Valley
0%
Awakening(2019) Divide & Conquer
0%
Independent(1993) Do It
0%
Heal(1996) Don't
0%
Surf Nicaragua(1988) Draining You of Life
0%
Independent(1993) Free
0%
Heal(1996) I Don't Care
0%
The American Way(1990) I Don't Know
0%
Independent(1993) If Only
0%
Heal(1996) Jason's Idea
0%
Independent(1993) Just Like That
0%
Awakening(2019) Killing Machine
0%
Ignorance(1987) Layed to Rest
0%
Heal(1996) Low
0%
Awakening(2019) Manifest Reality
0%
Ignorance(1987) No Believers
0%
Independent(1993) Open Book
0%
Independent(1993) Pressure
0%
Independent(1993) Product
0%
Ignorance(1987) Rest in Peace
0%
Awakening(2019) Revolution
0%
Heal(1996) Seen Through My Eyes
0%
Awakening(2019) Something to Believe
0%
Independent(1993) Supremacy
0%
Heal(1996) The Power of the Written Word
0%
Ignorance(1987) Violent Solutions
0%
No matching quizzes found
Score Distribution
Percent of People with Each Score
Percentile by Number Answered
Your Score History
You have not taken this quiz